[Event "Singapore U20-Myanmar 2nd"]
[Site "Singapore"]
[Date "2008.05.01"]
[Round "10"]
[White "Shanmugam, Ravindran"]
[Black "Kyaw, Kyaw Soe"]
[Result "1/2-1/2"]
[WhiteElo "2149"]
[BlackElo "2477"]
[PlyCount "49"]
[EventDate "2008.04.19"]
[EventType "schev"]
[EventRounds "12"]
[EventCountry "SIN"]
[SourceTitle "EXT 2022"]
[Source "ChessBase"]
[SourceDate "2021.10.06"]
[SourceVersion "1"]
[SourceVersionDate "2021.10.06"]
[SourceQuality "1"]
[WhiteTeam "Singapore (U20)"]
[BlackTeam "Myanmar"]
[WhiteTeamCountry "SIN"]
[BlackTeamCountry "MYA"]

1. e4 e6 2. d4 d5 3. Nc3 Bb4 4. e5 b6 5. a3 Bf8 6. Bb5+ c6 7. Ba4 Ba6 8. Nce2 Qc7 9. f4 Ne7 10. Nf3 h5 11. c3 Nf5 12. 0-0 Be7 13. Rf2 g6 14. Ng5 Nd7 15. Bc2 Bxe2 16. Qxe2 Bxg5 17. fxg5 0-0-0 18. Be3 Kb8 19. Rc1 b5 20. a4 Qa5 21. b4 Qb6 22. a5 Qc7 23. g3 Rh7 24. Bd2 Rdh8 25. Rb1 1/2-1/2

[Event "Singapore U20-Myanmar 1st"]
[Site "Singapore"]
[Date "2008.04.12"]
[Round "9"]
[White "Chan, Wei Xuan Timothy"]
[Black "Kyaw, Kyaw Soe"]
[Result "0-1"]
[WhiteElo "2215"]
[BlackElo "2477"]
[PlyCount "80"]
[EventDate "2008.03.29"]
[EventType "schev"]
[EventRounds "12"]
[EventCountry "SIN"]
[SourceTitle "EXT 2022"]
[Source "ChessBase"]
[SourceDate "2021.10.06"]
[SourceVersion "1"]
[SourceVersionDate "2021.10.06"]
[SourceQuality "1"]
[WhiteTeam "Singapore (U20)"]
[BlackTeam "Myanmar"]
[WhiteTeamCountry "SIN"]
[BlackTeamCountry "MYA"]

1. e4 c5 2. Nf3 Nc6 3. d4 cxd4 4. Nxd4 Nf6 5. Nc3 d6 6. Bg5 e6 7. Qd2 a6 8. 0-0-0 Nxd4 9. Qxd4 Be7 10. Bc4 Qc7 11. Bb3 Qc5 12. Qd2 b5 13. Be3 Qc7 14. f4 0-0 15. Qd4 Nd7 16. g4 Rb8 17. f5 Ne5 18. g5 Rd8 19. Bf4 Bd7 20. g6 hxg6 21. fxe6 fxe6 22. Bxe5 dxe5 23. Qg1 Rf8 24. Qxg6 Rf6 25. Qg4 Rbf8 26. Rhg1 R8f7 27. Rg3 Bc8 28. Qh3 Qc6 29. Qg2 Qb6 30. Qh3 Qc6 31. a3 a5 32. Ne2 b4 33. axb4 axb4 34. Qg4 Ba6 35. Kb1 Bc4 36. Nc1 Rf2 37. Nd3 Bxb3 38. Nxf2 Bxc2+ 39. Kc1 Bd3+ 40. Kd2 Qc2+ 0-1

[Event "Singapore U20-Myanmar 1st"]
[Site "Singapore"]
[Date "2008.04.06"]
[Round "8"]
[White "Kyaw, Kyaw Soe"]
[Black "Shanmugam, Ravindran"]
[Result "1/2-1/2"]
[WhiteElo "2477"]
[BlackElo "2163"]
[PlyCount "35"]
[EventDate "2008.03.29"]
[EventType "schev"]
[EventRounds "12"]
[EventCountry "SIN"]
[SourceTitle "EXT 2022"]
[Source "ChessBase"]
[SourceDate "2021.10.06"]
[SourceVersion "1"]
[SourceVersionDate "2021.10.06"]
[SourceQuality "1"]
[WhiteTeam "Myanmar"]
[BlackTeam "Singapore (U20)"]
[WhiteTeamCountry "MYA"]
[BlackTeamCountry "SIN"]

1. d4 d5 2. c4 e6 3. Nc3 dxc4 4. e4 c5 5. d5 Nf6 6. Bxc4 exd5 7. Bxd5 Nxd5 8. exd5 Bd6 9. Nge2 0-0 10. 0-0 Bf5 11. Bf4 Bxf4 12. Nxf4 Qd6 13. Qf3 Nd7 14. Rad1 a6 15. Nh5 Bg6 16. Nf4 Bf5 17. Nh5 Bg6 18. Nf4 1/2-1/2

[Event "Singapore U20-Myanmar 1st"]
[Site "Singapore"]
[Date "2008.04.05"]
[Round "5"]
[White "Kyaw, Kyaw Soe"]
[Black "Chan, Yi Ren Daniel"]
[Result "1-0"]
[WhiteElo "2477"]
[BlackElo "2175"]
[PlyCount "121"]
[EventDate "2008.03.29"]
[EventType "schev"]
[EventRounds "12"]
[EventCountry "SIN"]
[SourceTitle "EXT 2022"]
[Source "ChessBase"]
[SourceDate "2021.10.06"]
[SourceVersion "1"]
[SourceVersionDate "2021.10.06"]
[SourceQuality "1"]
[WhiteTeam "Myanmar"]
[BlackTeam "Singapore (U20)"]
[WhiteTeamCountry "MYA"]
[BlackTeamCountry "SIN"]

1. d4 Nf6 2. c4 d6 3. Nc3 e5 4. Nf3 e4 5. Nd2 Bf5 6. Qb3 Nc6 7. e3 Rb8 8. a3 g6 9. Be2 h5 10. Nf1 h4 11. h3 Bg7 12. Bd2 Nd7 13. Nd5 Nb6 14. Nxb6 axb6 15. 0-0-0 g5 16. Bc3 Qd7 17. Nd2 Bg6 18. Rhe1 0-0 19. f3 exf3 20. Nxf3 Na5 21. Bxa5 bxa5 22. Bd3 Bxd3 23. Qxd3 f6 24. e4 b5 25. Kb1 b4 26. Re2 bxa3 27. Qxa3 Rb4 28. Qxa5 Rfb8 29. Rd3 c5 30. dxc5 Qb7 31. Rdd2 f5 32. e5 dxe5 33. c6 Qxc6 34. Nxe5 Qf6 35. Qd5+ Kh7 36. Nd3 Rb3 37. c5 R3b5 38. Qe6 Qf8 39. Qe7 Qd8 40. Qxd8 Rxd8 41. c6 Rc8 42. Rc2 Rb6 43. c7 Bf8 44. Re5 Kg6 45. Rd5 Rd6 46. Rxd6+ Bxd6 47. Rc6 Rxc7 48. Rxd6+ Kh5 49. Rf6 Rd7 50. Kc2 Rd5 51. Kc3 f4 52. Rxf4 Rd8 53. Rg4 Kg6 54. b4 Kf5 55. Ne1 Rc8+ 56. Kb3 Rc1 57. Nf3 Rf1 58. Rxg5+ Kf4 59. Rg4+ Ke3 60. Rxh4 Kf2 61. Rg4 1-0

[Event "Singapore ASEAN Masters"]
[Site "Singapore"]
[Date "2008.03.16"]
[Round "4"]
[White "Kyaw, Lin Naing"]
[Black "Kyaw, Kyaw Soe"]
[Result "1/2-1/2"]
[WhiteElo "2405"]
[BlackElo "2477"]
[PlyCount "33"]
[EventDate "2008.03.15"]
[EventType "tourn"]
[EventRounds "11"]
[EventCountry "SIN"]
[SourceTitle "EXT 2022"]
[Source "ChessBase"]
[SourceDate "2021.10.06"]
[SourceVersion "1"]
[SourceVersionDate "2021.10.06"]
[SourceQuality "1"]

1. e4 c5 2. Nf3 d6 3. d4 cxd4 4. Nxd4 Nf6 5. Nc3 a6 6. Bg5 e6 7. f4 Nbd7 8. Qf3 Qc7 9. 0-0-0 b5 10. e5 Bb7 11. Qh3 dxe5 12. Nxe6 fxe6 13. Qxe6+ Be7 14. Bxb5 axb5 15. Nxb5 Qb6 16. Nd6+ Kd8 17. fxe5 1/2-1/2

[Event "SEA Games op 22nd"]
[Site "Ho Chi Minh City"]
[Date "2003.12.12"]
[Round "8"]
[White "Kyaw, Kyaw Soe"]
[Black "Chaivichit, Suchart"]
[Result "1/2-1/2"]
[WhiteElo "2376"]
[BlackElo "2264"]
[PlyCount "127"]
[EventDate "2003.12.08"]
[EventType "swiss"]
[EventRounds "9"]
[EventCountry "VIE"]
[SourceTitle "CBM 097 Extra"]
[Source "ChessBase"]
[SourceDate "2004.01.13"]
[SourceVersion "1"]
[SourceVersionDate "2004.01.13"]
[SourceQuality "1"]

1. d4 Nf6 2. c4 g6 3. Nc3 Bg7 4. e4 d6 5. Nge2 0-0 6. Ng3 c5 7. d5 e6 8. Be2 exd5 9. exd5 Re8 10. 0-0 a6 11. a4 b6 12. Bf4 h6 13. h3 Ra7 14. Qd2 g5 15. Be3 Rae7 16. Bd3 Re5 17. Qc2 g4 18. Bf4 gxh3 19. Bxe5 Rxe5 20. Rae1 Rg5 21. Qe2 Qd7 22. Qf3 hxg2 23. Qxg2 Nh5 24. Re4 Be5 25. Nce2 Bg7 26. Rh4 Nxg3 27. Nxg3 Qd8 28. Rh5 Nd7 29. Rxg5 hxg5 30. Qh3 Ne5 31. Qh7+ Kf8 32. Be2 g4 33. Nh5 Qg5 34. Qxg7+ Qxg7 35. Nxg7 Kxg7 36. a5 bxa5 37. Ra1 f5 38. Rxa5 f4 39. Ra3 Kf6 40. Rb3 Ke7 41. Kf1 Kd8 42. Ke1 Kc7 43. Kd2 Bf5 44. Ra3 Kb6 45. Kc3 Be4 46. b4 g3 47. bxc5+ dxc5 48. fxg3 fxg3 49. Kd2 g2 50. Rg3 Bf3 51. Bd3 Bxd5 52. cxd5 g1Q 53. Rxg1 Nf3+ 54. Ke3 Nxg1 55. Bf5 Kc7 56. Kf2 Kd6 57. Kxg1 Kxd5 58. Kf2 Kd4 59. Ke2 Kc3 60. Kd1 Kb2 61. Be6 a5 62. Kd2 a4 63. Kd3 a3 64. Bd5 1/2-1/2

[Event "SEA Games op 22nd"]
[Site "Ho Chi Minh City"]
[Date "2003.12.09"]
[Round "2"]
[White "Kyaw, Kyaw Soe"]
[Black "Leong, Luke"]
[Result "1/2-1/2"]
[WhiteElo "2376"]
[BlackElo "2263"]
[PlyCount "108"]
[EventDate "2003.12.08"]
[EventType "swiss"]
[EventRounds "9"]
[EventCountry "VIE"]
[SourceTitle "CBM 097 Extra"]
[Source "ChessBase"]
[SourceDate "2004.01.13"]
[SourceVersion "1"]
[SourceVersionDate "2004.01.13"]
[SourceQuality "1"]

1. d4 Nf6 2. c4 e6 3. Nc3 Bb4 4. e3 c5 5. a3 Bxc3+ 6. bxc3 0-0 7. Bd3 d5 8. cxd5 exd5 9. Ne2 Nc6 10. 0-0 Re8 11. Ng3 Rb8 12. f3 b5 13. Bd2 a5 14. Rb1 c4 15. Bc2 Qd6 16. Qc1 b4 17. axb4 axb4 18. cxb4 Ba6 19. Bc3 Qf8 20. Qd2 Rb6 21. Rb2 Reb8 22. Rfb1 Ne8 23. e4 Nc7 24. Ba4 Nb5 25. Bxb5 Bxb5 26. e5 Ba4 27. Ne2 R8b7 28. Nc1 Qb8 29. Ra1 Ra7 30. Rba2 Rba6 31. Ne2 Bb5 32. Rxa6 Rxa6 33. Rxa6 Bxa6 34. Ng3 g6 35. f4 f5 36. exf6 Kf7 37. f5 Kxf6 38. Qh6 Qg8 39. Qh4+ Kg7 40. fxg6 hxg6 41. Qg5 Qe6 42. h4 Kf7 43. h5 gxh5 44. Qxh5+ Kg8 45. Qg5+ Kf7 46. Kf2 Qf6+ 47. Qxf6+ Kxf6 48. Kf3 Na7 49. Kf4 Nb5 50. Ne2 Bb7 51. Be1 Bc6 52. Bh4+ Ke6 53. Be1 Kf6 54. Bd2 Be8 1/2-1/2

[Event "Yangon zt"]
[Site "Yangon"]
[Date "1998.12.15"]
[Round "8"]
[White "Kyaw, Kyaw Soe"]
[Black "Dang, Tat Thang"]
[Result "1-0"]
[WhiteElo "2310"]
[BlackElo "2245"]
[PlyCount "53"]
[EventDate "1998.12.??"]
[EventType "swiss"]
[EventRounds "9"]
[EventCountry "BUR"]
[SourceTitle "CBM 069"]
[Source "ChessBase"]
[SourceDate "1999.04.01"]
[SourceVersion "1"]
[SourceVersionDate "1999.04.01"]
[SourceQuality "1"]

1. d4 d5 2. Nf3 c6 3. g3 Nf6 4. Bg2 Bf5 5. 0-0 e6 6. Nbd2 Nbd7 7. c4 h6 8. b3 Be7 9. Bb2 0-0 10. Ne5 Nxe5 11. dxe5 Nd7 12. e4 dxe4 13. Bxe4 Bxe4 14. Nxe4 Qc7 15. Qh5 Kh7 16. f4 Nc5 17. Nf2 g6 18. Qf3 Rad8 19. Bc3 a5 20. Rad1 Rxd1 21. Rxd1 Rd8 22. Kg2 Kg7 23. Qe2 b6 24. Qf3 Rxd1 25. Qxd1 Qd7 26. Bd4 Kf8 27. Bxc5 1-0